00851naa#a2200181#i#4500001001600000005001700016011001400033100004100047102000700088200016400095210020500259215001000464608004500474675006400519700002600583700003000609856003000639RU\\bibl\12149320260515054045.5##a1994-4683##a20230531b2023####ek#y0rusy0150####ca##aRU1#aМОТИВАЦИЯ СТУДЕНТОВ ВУЗА К ЗАНЯТИЯМ ФИЗИЧЕСКОЙ КУЛЬТУРОЙ И СПОРТОМeЖурнальная статья1#aМоскваcНациональный государственный Университет физической культуры, спорта и здоровья им. П.Ф. Лесгафтаd2023##a4 с.##aЖурнальная статья2local##aНамерения. Мотивы. Желания. 159.947.5#1aЗахаровgИ А#1aКононенкоgП А4#auchzapiski.lesgaft.spb.ru